000 00296nam a22001337a 4500
003 SGT
020 _a9780367778156
082 _a363.25
_bCOO
100 _aCOOPER JOHN E
245 _aWILDLIFE FORENSIC INVESTIGATION
260 _aLONDON
_bCRC PRESS
_c2020
300 _a742
942 _2ddc
_cBK
999 _c34726
_d34726